SQL Server-7: complete reference (Record no. 11580)

MARC details
000 -LEADER
fixed length control field 00455nam a2200205Ia 4500
001 - CONTROL NUMBER
control field 109657
003 - CONTROL NUMBER IDENTIFIER
control field YMCAF
005 - DATE AND TIME OF LATEST TRANSACTION
control field 20230512162359.0
008 - FIXED-LENGTH DATA ELEMENTS--GENERAL INFORMATION
fixed length control field 100717s2001 ||||||||||||||||| ||und|d
024 ## - OTHER STANDARD IDENTIFIER
Standard number or code 109657
035 ## - SYSTEM CONTROL NUMBER
System control number WB644
040 ## - CATALOGING SOURCE
Original cataloging agency YMCAF
Language of cataloging eng
Transcribing agency IN-KoLT
041 ## - LANGUAGE CODE
Language code of text/sound track or separate title eng
082 ## - DEWEY DECIMAL CLASSIFICATION NUMBER
Classification number 005.1SQL
Item number COF
100 ## - MAIN ENTRY--PERSONAL NAME
Personal name Coffman, Gayle
245 #0 - TITLE STATEMENT
Title SQL Server-7: complete reference
260 ## - PUBLICATION, DISTRIBUTION, ETC.
Name of publisher, distributor, etc. TMH
Date of publication, distribution, etc. 2001
300 ## - PHYSICAL DESCRIPTION
Extent 912
942 ## - ADDED ENTRY ELEMENTS (KOHA)
Source of classification or shelving scheme Dewey Decimal Classification
Koha item type Books
Holdings
Withdrawn status Lost status Damaged status Not for loan Home library Current library Date acquired Cost, normal purchase price Total Checkouts Barcode Date last seen Cost, replacement price Price effective from Koha item type Public note G
        JC Bose University of Science & Technology JC Bose University of Science & Technology 17/07/2010 395.00   WB645 12/05/2023 395.00 12/05/2023 Books C 601464
        JC Bose University of Science & Technology JC Bose University of Science & Technology 17/07/2010 395.00   WB644 12/05/2023 395.00 12/05/2023 Books C 601464